000 01012nam a22003137a 4500
001 BR2016002865
003 BR-BrBNA
005 20230928104914.0
007 ta
008 230509b bl.||||| |||| 00| 0 por d
040 _aBR-BrBNA
_bpor
_cBiblioteca Nacional de Agricultura
041 _a(Por)
072 _aF06
090 _ F06 BR2016002865
110 1 _aServiço Nacional de Aprendizagem Rural, Brasília, DF (Brasil)
245 1 _aIrrigação sustentável: aumente sua produção de forma sustentável, economizando água
_bSérie Time Agro Brasil Produção com Preservação
260 3 _aBrasília, DF (Brasil):
_c[nd].
300 _a10 p.
500 _aPublished after 2012; 4 illus
650 _aIRRIGAÇÃO
650 _aAGRICULTURA SUSTENTÁVEL
650 _aRESERVATÓRIO DE ÁGUA
650 _aCRÉDITO
650 _aIRRIGAÇÃO POR ASPERSÃO
650 _aIRRIGAÇÃO LOCALIZADA
650 _aIRRIGAÇÃO SUBTERRÂNEA
909 _a202309
_bLucia
_c55
_dLucia Elande
942 _cBK
999 _c82369
_d82369